名侦探柯南 特别篇. 20 (Record no. 68050)

000 -LEADER
fixed length control field 00554nam a22001937a 4500
003 - CONTROL NUMBER IDENTIFIER
control field MPLRDC
005 - DATE AND TIME OF LATEST TRANSACTION
control field 20220104203301.0
008 - FIXED-LENGTH DATA ELEMENTS--GENERAL INFORMATION
fixed length control field 210129b ||||| |||| 00| 0 eng d
020 ## - INTERNATIONAL STANDARD BOOK NUMBER
International Standard Book Number ISSN1823-0083
082 ## - DEWEY DECIMAL CLASSIFICATION NUMBER
Classification number 947.413 QSGC-2 v.20
100 ## - MAIN ENTRY--PERSONAL NAME
Personal name 青山刚昌 AOYAMA GOSHO 原作
245 ## - TITLE STATEMENT
Title 名侦探柯南 特别篇. 20
Statement of responsibility, etc. 阿部丰、丸传次郎 漫画
250 ## - EDITION STATEMENT
Edition statement 初版
260 ## - PUBLICATION, DISTRIBUTION, ETC.
Place of publication, distribution, etc. 马来西亚
Name of publisher, distributor, etc. PENERBIT TORA AMAN
Date of publication, distribution, etc. 2006
300 ## - PHYSICAL DESCRIPTION
Other physical details
520 ## - SUMMARY, ETC.
Summary, etc. 上架 2018-06-29。
650 ## - SUBJECT ADDED ENTRY--TOPICAL TERM
Topical term or geographic name entry element 侦探漫画
942 ## - ADDED ENTRY ELEMENTS (KOHA)
Koha item type Book
-- 947.413 QSGC-2 v.20
Holdings
Withdrawn status Lost status Source of classification or shelving scheme Damaged status Not for loan Collection code Home library Current library Shelving location Date acquired Cost, normal purchase price Total Checkouts Full call number Barcode Date last seen Date last checked out Price effective from Koha item type Public note
            Malaysian Public Library, Research and Development Centre Malaysian Public Library, Research and Development Centre   24/06/2018 4.50   947.413 QSGC-2 v.20 00061614 18/03/2021 04/01/2019 18/03/2021 Book mplrdc

© 2022. Malaysian Public Library, Research and Development Centre. All Right ReservedE-mailmplrdc@help.edu.my 

Powered by Koha